Cities with the Most Universities in top 100 - Statistics

General Stats
  • This quiz has been taken 100 times
  • The average score is 12 of 17
Answer Stats
# City % Correct
2 New York
99%
4 London
94%
2 Los Angeles
93%
4 Paris
88%
2 Boston
87%
2 Tokyo
87%
3 Beijing
78%
2 San Francisco
77%
2 Chicago
74%
2 Shanghai
73%
6 Seoul
67%
5 Hong Kong
66%
2 Sydney
66%
2 Munich
53%
2 Osaka
48%
2 Melbourne
47%
2 Zurich
38%
No matching quizzes found
Score Distribution
Percent of People with Each Score
Percentile by Number Answered
Your Score History
You have not taken this quiz